000
00287nam a22001217a 4500
020
_a
81-7024-420-X
082
_a
621.47 GHO'S
100
_a
GHOSH, G.K
_9
62248
245
_a
SOLAR ENERGY ,THE INFINITE SOURCE
260
_a
NEW DELHI
_b
S.B. NANGIA
_c
1991
300
_a
121P
942
_c
BK
999
_c
571415
_d
571415